1224 1049 1198 1161 1595 1988 1016 1027 1607 1100 1478 1545 1315 1366 1281 1133 1364 1283 1962 1883 1962 1832 1043 1538 1081 1519 1759 1498 1406 1252 1528 1192 1570 1455 1921 1087 1207 1861 1780 1902 1036 1420 1486 1870 1783 1580 1508 1202 1248 1610 1996 1052 1618 1454 1310 1259 1778 1141 1598 1155 1132 1691 1508 1720 1551 1926 1027 1749 1891 1043 1559 1547 1982 1599 1700 1960 1490 1474 1544 1754 1524 1642 1657 1197 1593 1748 1543 1488 1985 1104 1842 1518 1715 1329 1185 1354 1762 1260 1385 BCNSPRNW ULIB Ver.6.0+V

เปลี่ยนเป็นภาษาไทย

Change to English
 แสดงรายละเอียดบรรณานุกรม
  กลับหน้าหลัก

Brief Record : Get Marc (ISO 2709) : E-mail record : QR code < ปิดหน้าต่าง
LEADER : 00000nam 2200000uu 4500
001    13399109538
003     ULIB
008    110404s2552||||th 000 0 tha d
020    9789748377650
060 04 WB320^bภ378ต 2552
245 00 ตำราเวชศาสตร์ฟื้นฟู /^cบรรณาธิการ, ภัทราวุธ อินทรกำแหง
250    พิมพ์ครั้งที่ 1
260    กรุงเทพฯ :^bโครงการตำรา วิทยาลัยแพทยศาสตร์พระมงกุฎเกล้า,^c2552
300    231 หน้า :^bภาพประกอบ ;^c26 ซม.
650  7 เวชศาสตร์ฟื้นฟู
650  7 การฟื้นฟูสมรรถภาพ
650  7 ผู้ป่วย^xการฟื้นฟูสมรรถภาพ
650  7 คนพิการ^xการฟื้นฟูสมรรถภาพ
700 0  ภัทราวุธ อินทรกำแหง,^eบรรณาธิการ
710 2  วิทยาลัยแพทยศาสตร์พระมงกุฎเกล้า. ^bโครงการตำรา
945    ^p350^l0^i028508
945    ^p350^l0^i027142
945    ^p350^l0^i027141
995    ทศพร
999 ^a ใช้งานได้ทุกระบบ
รายการนี้ยังไม่มีแท็ก
คุณยังไม่ได้ล็อกอิน คุณสามารถมีกิจกรรมร่วมกับเว็บไซต์ได้ แต่ต้องล็อกอินก่อน ::
  ล็อกอิน

รายการสื่อสารสนเทศ

ลำดับที่ ประเภท เลขเรียก/บาร์โค้ด สถานที่ สถานะ
1. วิทยาศาสตร์การแพทย์ และสุขภาพ
วิทยาศาสตร์การแพทย์ และสุขภาพ
WB320 ภ378ต 2552 ฉ.2 
  Barcode: 027142
ห้องสมุดวิทยาเขตสวรรค์ประชารักษ์
►ส่วนจัดเก็บหนังสือเก่า สปร
บนชั้น
  ขอยืม

รายการใกล้เคียง
    หัวเรื่อง [เวชศาสตร์ฟื้นฟู]
    หัวเรื่อง [การฟื้นฟูสมรรถภาพ]

BibComment


ยังไม่เคยถูกคอมเมนท์

คอมเมนท์ทรัพยากรรายการนี้
  คอมเมนท์: ตำราเวชศาสตร์ฟื้น..


 Copyright 2026. Bcnsprnw @Library